01381nam a22003254a 4500001001200000003000800012006001900020007001500039008004100054010001700095020001500112040002100127035002100148050002300169082001700192245019200209260005200401300002500453504006000478533015200538650002500690650003900715650003800754650005300792655002900845700002100874710001700895856012600912999001701038ebr10320383CaPaEBRm u cr cn|||||||||050317s2005 ohua sb 001 0 eng  z 2005040979 z0871708205 aCaPaEBRcCaPaEBR a(OCoLC)71386486814aTA656b.F32 2005eb04a624.1/7122200aFailure analysis of engineering structures : bmethodology and case historiesh[electronic resource] /cV. Ramachandran ... [et al.] ; with contributions from T.A. Bhaskaran ... [et al.]. aMaterials Park, OH :bASM International,c2005. aviii, 207 p. :bill. aIncludes bibliographical references (p. 199) and index. aElectronic reproduction.bPalo Alto, Calif. :cebrary,d2013.nAvailable via World Wide Web.nAccess may be limited to ebrary affiliated libraries. 0aStructural failures. 0aStructural failuresvCase studies. 0aStructural analysis (Engineering) 0aStructural analysis (Engineering)vCase studies. 7aElectronic books.2local1 aRamachandran, V.2 aebrary, Inc.40uhttp://site.ebrary.com/lib/rucke/Doc?id=10320383zAn electronic book accessible through the World Wide Web; click to view c60880d60880